000 00598nam a22001577a 4500
020 _a978-81-7223-515-4
082 _a823
_bCOE/D
100 _aCOELHO,PAULO
245 _aTHE DEVIL AND MISS PRYM
250 _a9
260 _aUK
_bHARPER COLLINS
_c2007
300 _a201
520 _aThe Devil and Miss Prym is set in a small village about a young, poor barmaid whose wager with the devil leads to a spiritual transformation. A stranger arrives at the remote village of Viscos, carrying with him a backpack containing a notebook and eleven gold bars.
650 _aNOVEL,ENGLISH
_zUK
942 _cBK
999 _c2361
_d2361